|
|
|
|
| LEADER |
01286nam a2200313 u 4500 |
| 001 |
10020601 |
| 003 |
upatras |
| 005 |
20211015091737.0 |
| 008 |
990226s1994 uk eng |
| 020 |
|
|
|a 007707839X
|
| 040 |
|
|
|a GR-PaULI
|c GR-PaULI
|
| 041 |
0 |
|
|a eng
|
| 082 |
0 |
4 |
|a 658.834 3
|
| 100 |
1 |
|
|a Hague, Paul
|9 84865
|
| 245 |
1 |
0 |
|a The power of industrial brands
|b an effective route to competitive advantage
|c Paul Hague and Peter Jackson
|
| 260 |
|
|
|a London
|b McGraw - Hill Book Company
|c 1994
|
| 300 |
|
|
|a xiii, 178 p.
|b fig.
|c 23 cm.
|
| 490 |
0 |
|
|a The McGraw-Hill marketing for professionals series
|
| 504 |
|
|
|a Includes bibliography and index
|
| 650 |
|
4 |
|a Διοίκηση και οργάνωση
|9 53
|
| 650 |
|
4 |
|a Έρευνα αγοράς
|9 136
|
| 650 |
|
4 |
|a Διοίκηση επιχειρήσεων
|9 54
|
| 700 |
1 |
|
|a Jackson, Peter,
|d 1948-
|9 52783
|
| 760 |
0 |
|
|a McGraw-Hill marketing for professionals series
|
| 852 |
|
|
|a GR-PaULI
|b ΠΑΤΡΑ
|b ΒΚΠ
|b ΒΣ1
|k ΑΣΧΞ
|h 658.834 3 HAG
|m 041039
|p 025000004105
|t 1
|
| 942 |
|
|
|2 ddc
|c BK15
|
| 952 |
|
|
|0 0
|1 0
|4 0
|6 658_834000000000000_3_HAG
|7 0
|9 180449
|a LISP
|b LISP
|c BSC
|d 2016-04-24
|i 041039
|l 0
|o 658.834 3 HAG
|p 025000004105
|r 2016-04-24 00:00:00
|t 1
|w 2016-04-24
|y BK15
|
| 998 |
|
|
|c ΗΛΙΟΠΟΥΛΟΥ
|d 1999-02
|
| 999 |
|
|
|c 111566
|d 111566
|